000 01078nam a2200301 i 4500
001 bg
003 BPK
005 20210709142637.0
008 080319s2008 pl a f f |000 0 pol
020 _a9788321342474
040 _cBPK
041 0 _apol
080 _a69
080 _a(083.1)
245 0 0 _aNowy poradnik majstra budowlanego :
_bpraca zbiorowa /
_cpod red. Janusza Panasa ; aut. Konrad Bąkowski [et al.].
250 _aWyd. 1 (dodr.)
260 _aWarszawa :
_bWydawnictwo Arkady,
_c2008.
300 _a925 s. :
_bil. ;
_c25 cm.
504 _aBibliogr. przy rozdz. Indeks.
521 _aDla techników budowlanych pełniących samodzielne i pomocnicze funkcje na budowach oraz innych osób zatrudnionych w branży budowlanej.
650 4 _aBudownictwo
655 4 _aPoradnik
710 2 _aWydawnictwo "Arkady".
_4pbl.
700 1 _aBąkowski, Konrad
_eAutor
700 1 _aPanas, Janusz
_eRedakcja
856 _uhttp://koha.tu.koszalin.pl/cgi-bin/koha/opac-detail.pl?biblionumber=54960
_yKatalog online BPK
942 _cKS
_2UKD
999 _c54960
_d54960